000 004750000a22001570004500
003 MACL
005 20180227173406.0
008 180227b xxu||||| |||| 00| 0 eng d
040 _cmacl
100 _a मार्डेन, स्‍वेट
_970874
245 _aआगे बढो
260 _b कला साहित्‍य संस्‍थान
_c2004
_aDelhi
350 _a200
650 _aसामान्‍य वर्ग
_936
942 _cHIN
_k080
_2ddc
999 _c17734
_d17734